Sports Quiz

Random Sports or Year Quiz

MLS Goal of the Year Winners Quiz Stats

 Plays Quiz not verified by Sporcle

Challenge
Share
Tweet
Embed
Score 0/23 Timer 04:00
0 Plays Today
Year Player % Correct
2014Obafemi Martins
100%
2009Landon Donovan
94.4%
2004Dwayne De Rosario
72.2%
2005Dwayne De Rosario
72.2%
2013Camilo Sanvezzo
72.2%
1996Eric Wynalda
66.7%
1997Marco Etcheverry
66.7%
1999Marco Etcheverry
66.7%
1998Brian McBride
61.1%
2006Brian Ching
61.1%
2011Darlington Nagbe
55.6%
2000Marcelo Balboa
50%
Year Player % Correct
2001Clint Mathis
50%
2002Carlos Ruiz
50%
2008Will Johnson
50%
2015Krisztian Nemeth
50%
2003Damani Ralph
44.4%
2007Cuauhtemoc Blanco
44.4%
2010Marco Pappa
33.3%
2016Shkelzen Gashi
33.3%
2012Patrick Ianni
27.8%
2017Hector Villaba
0%
2018Zlatan Ibrahimovic
0%

You're not logged in!

Compare scores with friends on all Sporcle quizzes.
OR
Log In

You Might Also Like...

Show Comments

Extras

Top Quizzes Today


Score Distribution

Your Account Isn't Verified!

In order to create a playlist on Sporcle, you need to verify the email address you used during registration. Go to your Sporcle Settings to finish the process.

Report this User

Report this user for behavior that violates our Community Guidelines.

Details: